Acta operativo oeconomica 37 zborník Vysokej školy poľnohospodárskej v Nitre
Salvato in:
| Natura: | Libro |
|---|---|
| Lingua: | slovacco |
| Pubblicazione: |
Bratislava
Príroda
1982
|
| Tags: |
Nessun Tag, puoi essere il primo ad aggiungerne!!
|
MARC
| LEADER | 00000nam a2200000 4500 | ||
|---|---|---|---|
| 001 | c132786 | ||
| 005 | 20221220095614.0 | ||
| 041 | 0 | |a slo | |
| 044 | |a SK | ||
| 245 | 1 | 0 | |a Acta operativo oeconomica 37 |b zborník Vysokej školy poľnohospodárskej v Nitre |
| 264 | 1 | |a Bratislava |b Príroda |c 1982 | |
| 300 | |a 431 s. |e príl. | ||